000 01934nam a2200217 a 4500
001 ASIN1906155429
003 OSt
005 20180116192423.0
008 140714s2009 xxu eng d
020 _a1906155429 (hardcover)
_c$55.00
020 _a9781906155421 (hardcover)
040 _csada
082 _a720.922
_bCEL 2009
245 0 0 _aCelebrating differences :
_bthe work of bptw partnership /
260 _aLondon :
_bBlack Dog Architecture,
_c2009.
300 _a192 p. ;
_c27 cm.
520 _aInnovation in design, construction, planning and sustainability have established bptw's reputation within the residential, regeneration, special needs, education, health care and mixed-use sectors. The work of bptw: Celebrating Differences explores bptw's approach providing an in-depth insight into the practice's philosophy and working methods. Based in Greenwich, UK, for the last fourteen years the projects undertaken by bptw partnership are models of socially and environmentally conscious design. Renowned for its work with a range of clients, including private developers, housing associations, local authorities and community groups, bptw's Celebrating Differences presents the work of the practice in all its diversity. Interspersed throughout Celebrating Differences are case studies of projects including award-winning public housing developments such as the Pepys Estate, commercial buildings and bptw's masterplanning of housing projects and mixed-use tenures. With a host of awards affirming their success, including Best Architectural Practice from Building Awards in 2005, this volume is a timely look at the beliefs and attitudes that make bptw one of the more innovative architectural practices working within the housing sector today.
650 _aArchitectural firms
_zGreat Britain
_97669
856 4 0 _3Amazon.com
_uhttp://www.amazon.com/exec/obidos/ASIN/1906155429/chopaconline-20
942 _2ddc
_cBK
999 _c353985
_d353985